Music Quiz

Random Music or Song Quiz

The Decemberists' Songs Quiz Stats

 Plays Quiz not verified by Sporcle

Support Sporcle.
Go Orange.
Score 0/65 Timer 15:00
0 Plays Today
% Correct
The Crane Wife 3
82.7%
The Infanta
79.2%
The Mariner's Revenge Song
79%
The Crane Wife 1 & 2
78.7%
The Rake's Song
78.4%
O Valencia!
78.2%
The Hazards of Love 2 (Wager All)
78.1%
The Hazards of Love 3 (Revenge!)
77.7%
The Hazards of Love 1 (The Prettiest Whistles Won't Wrestle TheThistles Undone)
77.6%
The Hazards of Love 4 (The Drowned)
76.7%
16 Military Wives
75.4%
Sons & Daughters
74.4%
Eli, The Barrowboy
74.3%
The Sporting Life
73.9%
July, July!
72.6%
We Both Go Down Together
71.3%
Leslie Anne Levine
70.6%
On the Bus Mall
70.3%
The Island: Come & See/The Landlord's Daughter/You'll Not Feel the Drowning
69.5%
The Engine Driver
69%
Of Angels and Angles
68.8%
Here I Dreamt I Was An Architect
68.6%
Shankill Butchers
67.8%
The Wanting Comes in Waves/Repaid
67.8%
Yankee Bayonet (I Will Be Home Then)
67.3%
California One/Youth and Beauty Brigade
66.7%
Billy Liar
66.3%
Summersong
64.5%
Odalisque
63.2%
Red Right Ankle
62%
Annan Water
61.1%
Prelude
60.4%
The Perfect Crime #2
59.7%
% Correct
An Interlude
58.6%
The Bagman's Gambit
58.4%
When The War Came
57.8%
Los Angeles, I'm Yours
57.3%
I Was Meant For The Stage
56.8%
The Legionnaire's Lament
56.3%
The Soldiering Life
55.4%
The Apology Song
55.1%
The Chimbley Sweep
55.1%
Grace Cathedral Hill
53.5%
Oceanside
53.1%
A Cautionary Song
53.1%
Isn't It A Lovely Night?
53%
Song for Myla Goldberg
50.8%
Shiny
49.5%
My Mother Was a Chinese Trapeze Artist
49%
From My Own True Love (Lost at Sea)
48.7%
Shanty For The Arethusa
48.2%
The Gymnast, High Above The Ground
47.4%
The Queen's Rebuke/The Crossing
47.4%
Cocoon
47%
The Queen's Approach
46.9%
Won't Want for Love (Margaret in The Taiga)
46.7%
Margaret in Captivity
45.7%
As I Rise
45.4%
Clementine
43.9%
The Bachelor And The Bride
43.1%
A Bower Scene
42.9%
The Wanting Comes in Waves (reprise)
34%
The Abduction of Margaret
32.7%
Angel, Won't You Call Me?
31.8%
I Don't Mind
28.2%

You're not logged in!

Compare scores with friends on all Sporcle quizzes.
OR
Log In

From the Vault

The 50 Greatest Movie Franchises

by rockgolf

We're astounded that the Megashark series of films has not made more money. Poor Megashark...
Remove Ads.
Support Sporcle.
Get the best of Sporcle when you Go Orange. This ad-free experience offers more features, more stats, and more fun while also helping to support Sporcle. Thank you for becoming a member.

Show Comments

Extras

Top Quizzes Today


Score Distribution

Your Account Isn't Verified!

In order to create a playlist on Sporcle, you need to verify the email address you used during registration. Go to your Sporcle Settings to finish the process.

Report this User

Report this user for behavior that violates our Community Guidelines.

Details: